000 01274nmc a2200457 a 4500
003 AR-BaBNM
005 20251128211748.0
008 216020s2006 ||||||||||||||000 | spa||
020 _a950-802-234-5
040 _cAR-BaBNM
245 1 0 _aEducación en valores, religiosidad y derechos humanos
250 _a1ª ed.
260 _aBuenos Aires
_bAsociación Cristiana de Jóvenes
_c2006
_bEspacio Editorial
300 0 _a191 p.
490 0 _aDidáctica
650 4 _aDERECHOS HUMANOS
650 4 _aRELIGION
650 4 _aCRISTIANISMO
650 4 _aJUDAISMO
650 4 _aETICA
650 4 _aIGLESIA CATOLICA
650 4 _aIGLESIAS PROTESTANTES
651 4 _aArgentina
653 0 _aEDUCACION EN VALORES
700 1 _aEroles, Carlos
_ecompilador
700 1 _aRodríguez, Norberto
_ecompilador
700 1 _aAccaputo, Carlos
_eprologuista
700 1 _aCalvo, Cristina
700 1 _aMealla, Eloy
700 1 _aGarcía, Hugo
700 1 _aVillalpando, Waldo
700 1 _aEtchegoyen, Aldo M.
700 1 _aPelloni, Martha
700 1 _aBerman, Sergio
700 1 _aBrardinelli, Rodolfo
700 1 _aLuca, José de
700 1 _aSala, Arturo
700 1 _aJeanneret de Pérez Cortés, María
942 _cBK
998 _cme-solo cat
999 _c21000
_d21000